Melbourne Public Transport - Statistics

General Stats
  • This quiz has been taken 106 times
  • The average score is 13 of 20
Answer Stats
Question Answer % Correct
Which of the following stations is NOT part of the City Loop? North Melbourne
98%
Which is the only railway station in Melbourne to start with the letter V? Victoria Park
89%
The number 35 tram is known as the City _____? Circle
88%
Which of the following is NOT a railway station on the Williamstown line? Middle Williamstown
82%
The Traralgon and Bairnsdale V/Line routes connect from which Metro line? Pakenham
79%
Flinders Street station is located on the corner of which two intersecting streets? Flinders/Swanston
76%
The Metro Tunnel features five new stations, with Town Hall being one. What is the other major venue which also has its own station? State Library
74%
The Mernda line in Melbourne's north east has been extended several times, but where did it used to finish? Epping
73%
Which is the last station to switch trains at for the Alamein line? Camberwell
71%
The Route 901 bus service concludes at Melbourne Airport. Where does it start? Frankston Station
68%
Along with Surrey Hills, which other station was closed in order to create the new Union station on the Belgrave/Lilydale lines? Mont Albert
65%
Which station is directly after Glenroy on the Craigieburn line? Jacana
64%
The Level Crossing Removal Project is known by which acronym? LXRP
63%
Syndal station is located in which suburb? Glen Waverley
62%
Which tram route would you need to take to get to the Melbourne Cricket Ground (MCG)? 70 - Waterfront City Docklands - Wattle Park
55%
The 505 bus route goes from Moonee Ponds to which major university? Melbourne University
55%
How many stations include the word Richmond? 4
52%
Several stations include the word "park". Which does not exist? Cardinia Park
52%
Tram Route 1 goes from East Coburg to which beach? South Melbourne
45%
Merinda Park station is located off which major road in Melbourne's south east? Thompsons Road
30%
No matching quizzes found
Score Distribution
Percent of People with Each Score
Percentile by Number Answered
Your Score History
You have not taken this quiz